000 01159nam a2200253Ia 4500
003 OSt
005 20211025110814.0
008 210310s2002 ho ad fr 000 0 spa d
020 _a9688069841
040 _aCO-JMCR
_cCO-JMCR
041 0 _aspa
082 0 4 _a338.9 /
_bM994p
_223
110 1 _aMéxico.
_bPresidencia de la República
_941273
245 1 0 _aPrograma Nacional de Financiamiento del Desarrollo 2002-2006 /
_cMéxico Presidencia de la República
250 _aPrimera edición
260 _aMéxico :
_bSecretaria de Hacienda y Crédito Público,
_c2002
300 _avi, 128 páginas :
_bilustraciones y gráficas a color ;
_c31 cm.
500 _aIncluye notas a pie de página.
505 0 _aCrecimiento económico y desarrollo -- Diagnostico macroeconómico -- Diagnóstico del sistema financiero -- Perspectivas para la economía global en el mediano plazo -- Política de financiamiento del desarrollo -- Escenarios macroeconómicos y fiscales de mediano plazo
650 1 4 _aHistoria económica
_917863
_zMéxico
650 2 4 _aFinanzas Públicas
_zMéxico
_941274
650 2 4 _aCondiciones económicas
_zMéxico
_936294
942 _2ddc
_cBK
999 _c8641
_d8641